Подробности
| 000 -МАРКЕР |
| контрольное поле |
01378nam0a2200313 4500 |
| 001 - ИДЕНТИФИКАТОР ЗАПИСИ |
| контрольное поле |
RU\NLR\b_ik\184846 |
| 005 - ИДЕНТИФИКАТОР ВЕРСИИ |
| контрольное поле |
20260406075738.0 |
| 010 ## - МЕЖДУНАРОДНЫЙ СТАНДАРТНЫЙ НОМЕР КНИГИ (ISBN) |
| Номер (ISBN) |
978-5-7853-1332-3 |
| 035 ## - ДРУГИЕ СИСТЕМНЫЕ НОМЕРА |
| Идентификатор записи |
(NLR Aleph) 002257365 |
| 100 ## - ДАННЫЕ ОБЩЕЙ ОБРАБОТКИ |
| Данные общей обработки |
20100721d2010 |||y0rusy50 ca |
| 101 0# - ЯЗЫК РЕСУРСА |
| Язык текста, звукозаписи и т.д. |
английский |
| 102 ## - СТРАНА ПУБЛИКАЦИИ ИЛИ ПРОИЗВОДСТВА |
| Страна публикации |
российская федерация |
| 105 ## - ПОЛЕ КОДИРОВАННЫХ ДАННЫХ: ТЕКСТОВЫЕ МАТЕРИАЛЫ, МОНОГРАФИЧЕСКИЕ |
| Кодированные данные о монографическом текстовом документе |
ach ||||||||| |
| 200 1# - ЗАГЛАВИЕ И СВЕДЕНИЯ ОБ ОТВЕТСТВЕННОСТИ |
| Основное заглавие |
The art we cannot afford to lose! |
| Сведения, относящиеся к заглавию |
Russian folk arts and crafts: heyday, decline and future revival |
| Первые сведения об ответственности |
Yu.M. Luzhkov, S.M. Linovich |
| 210 ## - ПУБЛИКАЦИЯ, РАСПРОСТРАНЕНИЕ И ДР. |
| Место издания, распространения и т.д. |
Moscow |
| Имя издателя, распространителя и т. д. |
Moskovskie uchebniki |
| Дата издания, распространения и т.д. |
2010 |
| 215 ## - ФИЗИЧЕСКАЯ ХАРАКТЕРИСТИКА |
| Специфическое обозначение материала и объем |
191 c. |
| Другие сведения о физической характеристике |
ил., цв. ил., факс., портр. |
| Размеры |
22x29 |
| 320 ## - ПРИМЕЧАНИЯ О НАЛИЧИИ В ДОКУМЕНТЕ БИБЛИОГРАФИИ / УКАЗАТЕЛЯ |
| Текст примечания |
Библиогр.: с. 191 |
| 541 0# - ПЕРЕВОД ЗАГЛАВИЯ, СДЕЛАННЫЙ КАТАЛОГИЗАТОРОМ |
| Заглавие |
Мы не можем себе позволить потерять искусства: Россия народных искусств и ремесел:расцвет,упадок и возрождение в будущем |
| Язык заглавия |
русский |
| 606 1# - НАИМЕНОВАНИЕ ТЕМЫ КАК ПРЕДМЕТ |
| Наименование темы |
Декоративно-прикладное искусство русское |
| Системный номер авторитетной/нормативной записи |
2582892 |
| Идентификатор авторитетной/нормативной записи |
RU\NLR\AUTH\661526795 |
| 686 1# - ИНДЕКСЫ ДРУГИХ КЛАССИФИКАЦИЙ |
| Индекс |
Щ123(2Р=Рус) |
| 686 1# - ИНДЕКСЫ ДРУГИХ КЛАССИФИКАЦИЙ |
| Индекс |
Т52(2=Р)-7 |
| 700 #1 - ИМЯ ЛИЦА - ПЕРВИЧНАЯ ОТВЕТСТВЕННОСТЬ |
| Код отношения |
Редактор |
| Материалы, к которым относится поле |
rus |
| Графика поля |
Латинская |
| Начальный элемент ввода |
Lužkov |
| Часть имени, кроме начального элемента ввода |
J. M. |
| Даты |
1936-2019 |
| Расширение инициалов личного имени |
Jurij Michajlovič |
| Идентификатор авторитетной/нормативной записи |
RU\NLR\AUTH\770179775 |
| Системный номер авторитетной/нормативной записи |
179724 |
| 701 #1 - ИМЯ ЛИЦА - АЛЬТЕРНАТИВНАЯ ОТВЕТСТВЕННОСТЬ |
| Начальный элемент ввода |
Linovič |
| Часть имени, кроме начального элемента ввода |
S. M. |
| Расширение инициалов личного имени |
Semen Matveevič |
| Код отношения |
Автор |
| 801 #0 - ИСТОЧНИК ЗАПИСИ |
| Страна |
российская федерация |
| Организация |
NLR |
| Дата составления |
20100721 |
| Правила каталогизации |
RCR |
| 942 ## - ДОПОЛНИТЕЛЬНЫЕ ЭЛЕМЕНТЫ ЗАПИСИ (АБИС) |
| Тип экземпляра АБИС |
Книга |
| 980 ## - КОЛЛЕКЦИЯ |
| Название коллекции |
Национальная библиография |